How Many? - Statistics

General Stats
  • This quiz has been taken 43 times
  • The average score is 12 of 20
Answer Stats
How Many... Answer % Correct
U.S. States 50
98%
Countries that end with -stan 7
90%
Planets in the Solar System 8
85%
Countries of the U.K. 4
83%
States that start with the letter M 8
80%
Main disciples of Jesus 12
75%
Official Jetpunk Countries of the World 196
73%
Capitals of South Africa 3
73%
Cards in a standard deck of cards 52
73%
Different U.S. Presidents 45
70%
Island Nations in Africa 6
68%
Bones in the human body 206
60%
Canadian Provinces (not territories) 10
58%
Letters in the longest single word country name 13
48%
Letters in the Spanish alphabet 27
48%
Zeroes in googol 100
40%
Minutes in a Day 1440
30%
Feet in a mile 5280
25%
U.S. National Parks 63
10%
Books of the Bible 66
8%
No matching quizzes found
Score Distribution
Percent of People with Each Score
Percentile by Number Answered
Your Score History
You have not taken this quiz